| 000 | 01164cam a2200325 4500 | ||
|---|---|---|---|
| 008 | 090401t1998 xxu||||| |||| 00| 0 eng d | ||
| 020 | _a0902896199 | ||
| 035 | _a(Sirsi) u88726 | ||
| 041 | _aeng | ||
| 050 | _a658.404 | ||
| 110 |
_aUniversity of Salford. _93465 |
||
| 245 | _aFinal report : generic design and construction process protocol. | ||
| 260 |
_aSalford _bUniversity of Salford _c1998 |
||
| 300 | _aii,178p. ; 30cm. | ||
| 350 | _a50 | ||
| 520 | _aDescribes the findings of the research team. Includes best practice literature and case studies as well as discussing the issues raised for the whole construction industry as a result of the study. Accompanies the report A Generic Guide to the Design and Construction Process Protocol. | ||
| 650 | _aCONSTRUCTION INDUSTRY | ||
| 650 | _aCONSTRUCTION PROJECTS | ||
| 650 | _aPROJECT DOCUMENTATION | ||
| 650 | _aPROJECT PROTOCOLS | ||
| 690 |
_aProject management _96261 |
||
| 700 | _aKagioglou, Michail | ||
| 700 | _aCooper, Rachel | ||
| 700 | _aAouad, Ghassan | ||
| 700 | _aHinks, John | ||
| 700 | _aSexton, Martin | ||
| 700 | _aSheath, Darryl | ||
| 942 | _n0 | ||
| 948 | _c29/09/1998 | ||
| 999 |
_c97377 _d97377 |
||